000 00431nam a22001577a 4500
005 20260122200259.0
008 260122b |||||||| |||| 00| 0 eng d
020 _a9780256145304
050 _aHG181 REA
100 _aRose Peter S.
245 _aReadings on Financial Institutions and Markets
_cPeter S. Rose
250 _a1995-1996 Ed.
260 _aBoston
_bIrwin
_c1996
650 _2Finance
942 _2lcc
_cBK
_e1995-1996 Ed.
_n0
999 _c8633
_d8633